Genéza, súčasnosť a perspektívy špeciálnej a liečebnej pedagogiky
Vymedzenie špeciálnej a liečebnej pedagogiky. Špeciálna pedagogika sa vyprofilovala postupne pri vzdelávaní handicapovaných ľudí, zameriava sa na poradenstvo, rehabilitáciu, výchovu a vzdelávanie osôb so závažným poškodením zdravia.
Gespeichert in:
| 1. Verfasser: | |
|---|---|
| Format: | Buchkapitel |
| Sprache: | Slowakisch |
| Schlagworte: | |
| Tags: |
Keine Tags, Fügen Sie das erste Tag hinzu!
|
MARC
| LEADER | 00000nla a2200000 4500 | ||
|---|---|---|---|
| 001 | 0184311 | ||
| 005 | 20221020083812.0 | ||
| 041 | 0 | |a slo | |
| 044 | |a SK | ||
| 245 | 1 | 0 | |a Genéza, súčasnosť a perspektívy špeciálnej a liečebnej pedagogiky |c Helena Kuberová |
| 520 | |a Vymedzenie špeciálnej a liečebnej pedagogiky. Špeciálna pedagogika sa vyprofilovala postupne pri vzdelávaní handicapovaných ľudí, zameriava sa na poradenstvo, rehabilitáciu, výchovu a vzdelávanie osôb so závažným poškodením zdravia. | ||
| 610 | 2 | 0 | |a školstvo |
| 610 | 2 | 0 | |a školy |
| 610 | 2 | 0 | |a sústava výchovno-vzdelávacia |
| 610 | 2 | 0 | |a pedagogika |
| 610 | 2 | 0 | |a psychológia pedagogická |
| 610 | 2 | 0 | |a vzdelávanie |
| 100 | 1 | |a Kuberová, Helena | |